[Event "Rated Blitz game"]
[Site "?"]
[Date "2021.04.05"]
[Round "?"]
[White "Bagsi007"]
[Black "blastol"]
[Result "0-1"]
[WhiteElo "2296"]
[BlackElo "2404"]
[PlyCount "26"]
[EventDate "2021.??.??"]
[EventType "blitz"]

1. e4 e5 2. Nf3 d5 3. Nxe5 Bd6 4. d4 dxe4 5. Nc4 f5 6. Nc3 Nf6 7. Bg5 Be6 8.
Nxd6+ cxd6 9. Bb5+ Nbd7 10. O-O O-O 11. Qe2 d5 12. Nd1 Nb6 13. Ne3 a6 {Normal}
0-1

[Event "Rated Blitz game"]
[Site "?"]
[Date "2021.04.05"]
[Round "?"]
[White "Aibek_123"]
[Black "King_bg03"]
[Result "0-1"]
[WhiteElo "2386"]
[BlackElo "2482"]
[PlyCount "64"]
[EventDate "2021.??.??"]
[EventType "blitz"]

1. e4 e5 2. Nf3 d5 3. d4 exd4 4. Qxd4 Nf6 5. exd5 Qxd5 6. Nc3 Qxd4 7. Nxd4 Bb4
8. Bd2 O-O 9. O-O-O a6 10. a3 Bc5 11. Bf4 Rd8 12. Nb3 Rxd1+ 13. Nxd1 Bb6 14. h3
Nc6 15. Bc4 Be6 16. Bxe6 fxe6 17. Be3 Nd5 18. Bxb6 cxb6 19. Re1 Kf7 20. Nd2 Nf4
21. Nc4 Nxg2 22. Re4 h5 23. Kd2 Rd8+ 24. Ke2 Nd4+ 25. Kf1 Nf5 26. Nc3 Ngh4 27.
Nxb6 Nf3 28. Kg2 N3d4 29. Nc4 Nxc2 30. Ne5+ Kf6 31. f4 Rd2+ 32. Kf3 Ncd4+ {
Time forfeit} 0-1

[Event "Rated Blitz game"]
[Site "?"]
[Date "2021.04.05"]
[Round "?"]
[White "ophilannaqueen"]
[Black "King_bg03"]
[Result "0-1"]
[WhiteElo "2382"]
[BlackElo "2488"]
[PlyCount "86"]
[EventDate "2021.??.??"]
[EventType "blitz"]

1. e4 e5 2. Nf3 d5 3. exd5 e4 4. Qe2 Nf6 5. d3 Qxd5 6. dxe4 Qxe4 7. Bg5 Be7 8.
Qxe4 Nxe4 9. Bxe7 Kxe7 10. Bd3 Nc5 11. Bc4 Be6 12. Bxe6 Nxe6 13. Nc3 Rd8 14.
O-O Nd7 15. Rfe1 Kf8 16. Rad1 Nb6 17. b3 a6 18. g3 Rxd1 19. Rxd1 Rd8 20. Rxd8+
Nxd8 21. Nd4 g6 22. Kg2 Ke7 23. Kf3 c5 24. Nde2 Ne6 25. Ke3 f5 26. a4 Kd6 27.
Nf4 Nd4 28. Kd3 Nf3 29. h4 c4+ 30. Ke3 Ne5 31. a5 Ng4+ 32. Ke2 Nd7 33. f3 Ngf6
34. Ke3 cxb3 35. cxb3 Ne5 36. Nd3 Nfd7 37. Nxe5 Nxe5 38. f4 Nc6 39. Ne2 Kc5 40.
h5 Nxa5 41. hxg6 hxg6 42. Nc1 Kb4 43. Kd4 Nxb3+ {Normal} 0-1

[Event "Rated Blitz game"]
[Site "?"]
[Date "2021.04.05"]
[Round "?"]
[White "FdoVzla1986"]
[Black "Chessbear_163"]
[Result "1/2-1/2"]
[WhiteElo "2451"]
[BlackElo "2316"]
[PlyCount "114"]
[EventDate "2021.??.??"]
[EventType "blitz"]

1. e4 e5 2. Nf3 d5 3. d3 dxe4 4. dxe4 Qxd1+ 5. Kxd1 Nc6 6. c3 Bc5 7. Ke1 Bg4 8.
Nbd2 O-O-O 9. Nb3 Bb6 10. a4 a5 11. Bb5 Nge7 12. Be3 Bxe3 13. fxe3 f5 14. exf5
Nxf5 15. Bxc6 bxc6 16. Nxe5 Bh5 17. g4 Nxe3 18. Kf2 Nxg4+ 19. Nxg4 Bxg4 20.
Nxa5 Rhf8+ 21. Kg3 Bf5 22. Rhf1 Rd3+ 23. Rf3 Rxf3+ 24. Kxf3 Bc2+ 25. Ke3 Re8+
26. Kd2 Be4 27. Nc4 Bd5 28. Ne3 Be6 29. a5 Kb7 30. b4 Rd8+ 31. Kc2 g5 32. Rd1
Re8 33. Re1 h5 34. Kd3 Bf5+ 35. Kd4 Re4+ 36. Kc5 Be6 37. a6+ Kxa6 38. Kxc6 Ka7
39. Kxc7 Ka6 40. Kc6 Ka7 41. Kd6 Bb3 42. Ng2 Rxe1 43. Nxe1 Kb6 44. Nd3 Kb5 45.
Ne5 g4 46. Ke7 Bd1 47. Kf6 h4 48. Nxg4 Bxg4 49. Kg5 Bd7 50. Kxh4 Kc4 51. Kg5
Kxc3 52. h4 Kxb4 53. h5 Bb5 54. h6 Bd3 55. Kf6 Kc5 56. Kg7 Kd6 57. h7 Bxh7 {
Normal} 1/2-1/2

[Event "Rated Blitz game"]
[Site "?"]
[Date "2021.04.05"]
[Round "?"]
[White "MyDirtyDoubleCheck"]
[Black "annaly1979"]
[Result "0-1"]
[WhiteElo "2232"]
[BlackElo "2404"]
[PlyCount "44"]
[EventDate "2021.??.??"]
[EventType "blitz"]

1. e4 e5 2. Nf3 d5 3. Nxe5 Qe7 4. d4 f6 5. Qh5+ g6 6. Nxg6 Qxe4+ 7. Be3 Qxg6 8.
Qxd5 Ne7 9. Qb3 Nbc6 10. c3 Bf5 11. Nd2 O-O-O 12. O-O-O Nd5 13. g3 Nxe3 14.
fxe3 Bh6 15. Bg2 Bxe3 16. Bxc6 bxc6 17. Qa4 Kb7 18. Qb4+ Ka8 19. Qc5 Rd6 20.
Rhe1 Bh6 21. h3 Bd3 22. Re7 Bb1 {Normal} 0-1

[Event "Rated Blitz game"]
[Site "?"]
[Date "2021.04.05"]
[Round "?"]
[White "weavthemates"]
[Black "annaly1979"]
[Result "1-0"]
[WhiteElo "2552"]
[BlackElo "2415"]
[PlyCount "135"]
[EventDate "2021.??.??"]
[EventType "blitz"]

1. e4 e5 2. Nf3 d5 3. Nxe5 Qe7 4. d4 f6 5. Nd3 Nc6 6. Nf4 Qxe4+ 7. Be3 Nb4 8.
Na3 g5 9. Qh5+ Kd8 10. Nd3 Nc6 11. Nb5 Bg4 12. Qf7 Nge7 13. Qxf6 Rg8 14. Nc3
Qe6 15. Qxe6 Bxe6 16. O-O-O b6 17. Re1 Kd7 18. Ne2 h6 19. Ng3 Bg7 20. c3 Rgf8
21. Be2 Nf5 22. Nxf5 Bxf5 23. h3 Rae8 24. Bf3 Be4 25. Bg4+ Bf5 26. Bxf5+ Rxf5
27. Bd2 Rff8 28. Rxe8 Rxe8 29. Re1 Rxe1+ 30. Bxe1 Ke6 31. g4 Ne7 32. Bd2 Ng6
33. Kd1 Bf8 34. Ke2 Bd6 35. a4 c5 36. b3 c4 37. bxc4 dxc4 38. Nb2 a6 39. Nxc4
b5 40. axb5 axb5 41. Nb2 Kd5 42. Nd1 Ke4 43. f3+ Kd5 44. Ne3+ Ke6 45. Nf5 Bf8
46. Kd3 h5 47. Ke4 hxg4 48. hxg4 Nh4 49. d5+ Kd7 50. Bxg5 Ng2 51. Bd2 Bd6 52.
Nxd6 Kxd6 53. g5 Nh4 54. f4 Ke7 55. f5 Ng2 56. Kf3 Nh4+ 57. Kg4 Ng2 58. Kg3 Kd6
59. Kxg2 Kxd5 60. g6 Ke5 61. g7 Kxf5 62. g8=Q Ke4 63. Qb3 Kd3 64. Qxb5+ Kxd2
65. Qf5 Kxc3 66. Qf2 Kd3 67. Qf4 Ke2 68. Kg3 {Time forfeit} 1-0

[Event "Rated Blitz game"]
[Site "?"]
[Date "2021.04.05"]
[Round "?"]
[White "Pouya1360"]
[Black "hammdan_cadas"]
[Result "0-1"]
[WhiteElo "2426"]
[BlackElo "2432"]
[PlyCount "80"]
[EventDate "2021.??.??"]
[EventType "blitz"]

1. e4 e5 2. Nf3 d5 3. exd5 e4 4. Qe2 Nf6 5. d3 Bb4+ 6. c3 O-O 7. dxe4 Bc5 8.
Bg5 h6 9. Bxf6 Qxf6 10. Nbd2 Re8 11. O-O-O a6 12. e5 Qf4 13. Qe4 Qg4 14. h3 Qf5
15. Bd3 Qxe4 16. Nxe4 Bb6 17. Rhe1 Nd7 18. e6 fxe6 19. dxe6 Nf8 20. Bc4 Bxe6
21. Bxe6+ Rxe6 22. Nfd2 Rae8 23. f3 Nd7 24. Nc4 Nc5 25. Nxb6 cxb6 26. Kc2 Kf8
27. Rd4 Rc6 28. Red1 Ne6 29. Rd7 Re7 30. R1d2 Ke8 31. Rxe7+ Kxe7 32. a4 b5 33.
axb5 axb5 34. b4 b6 35. Kb3 Nf4 36. g3 Nxh3 37. f4 Re6 38. Rd4 Ng1 39. Nd2 Ne2
40. Re4 Nxg3 {Time forfeit} 0-1

[Event "Rated Blitz game"]
[Site "?"]
[Date "2021.04.05"]
[Round "?"]
[White "Tim1991"]
[Black "Jenlen3001"]
[Result "1-0"]
[WhiteElo "2484"]
[BlackElo "2424"]
[PlyCount "121"]
[EventDate "2021.??.??"]
[EventType "blitz"]

1. e4 e5 2. Nf3 d5 3. Nxe5 Bd6 4. d4 dxe4 5. Nc4 Nf6 6. Nxd6+ cxd6 7. Be2 h6 8.
Be3 O-O 9. O-O Nc6 10. c3 Bf5 11. Nd2 Qd7 12. f3 exf3 13. Bxf3 Rfe8 14. Bf4 Bd3
15. Re1 Rxe1+ 16. Qxe1 Re8 17. Qg3 Bg6 18. Bxd6 Nh5 19. Bxh5 Bxh5 20. Bf4 g5
21. Rf1 Re2 22. Rf2 Re1+ 23. Rf1 Re2 24. Nf3 Qg4 25. Qxg4 Bxg4 26. Bc1 f5 27.
Rf2 Bxf3 28. gxf3 Re1+ 29. Rf1 Rxf1+ 30. Kxf1 f4 31. Ke2 Kf7 32. Kd3 Kf6 33.
Ke4 Nd8 34. c4 Nf7 35. c5 h5 36. b4 b5 37. d5 Ke7 38. Kf5 h4 39. h3 Kd7 40. Bb2
a6 41. Bf6 a5 42. a3 a4 43. Bxg5 Kc7 44. Bxf4+ Kd7 45. c6+ Ke7 46. Bg5+ Kd6 47.
Kf6 Kxd5 48. Kxf7 Kxc6 49. Bxh4 Kd5 50. Bf6 Kc4 51. h4 Kb3 52. h5 Kxa3 53. h6
Kxb4 54. h7 Kb3 55. h8=Q b4 56. Qh7 a3 57. Qd3+ Ka4 58. Qc4 Ka5 59. Bd8+ Ka4
60. Qc2+ b3 61. Qc4# {Normal} 1-0

[Event "Rated Blitz tournament u2sOLVE0"]
[Site "?"]
[Date "2021.04.05"]
[Round "?"]
[White "radone"]
[Black "Lorian2514"]
[Result "1-0"]
[WhiteElo "2230"]
[BlackElo "2419"]
[PlyCount "95"]
[EventDate "2021.??.??"]
[EventType "blitz"]

1. e4 e5 2. Nf3 d5 3. exd5 e4 4. Qe2 Qe7 5. Nd4 Qe5 6. Nb3 Nd7 7. Nc3 Ngf6 8.
d3 exd3 9. Qxe5+ Nxe5 10. Bxd3 Nxd3+ 11. cxd3 Bf5 12. O-O O-O-O 13. Bg5 Bxd3
14. Rfe1 Bg6 15. Nb5 a6 16. Bxf6 gxf6 17. Nc3 Bb4 18. Rad1 Rhe8 19. Rxe8 Rxe8
20. h3 h5 21. Rd4 Bd6 22. Kf1 b6 23. f3 Bg3 24. Ne2 Be5 25. Rd2 h4 26. f4 Bd6
27. Nbd4 Be4 28. Nf3 Kb7 29. Nxh4 f5 30. a3 a5 31. Nf3 Bxf3 32. gxf3 Re3 33.
Kf2 Bc5 34. b4 Rd3+ 35. Ke1 Rxd2 36. Kxd2 axb4 37. axb4 Bxb4+ 38. Kd3 Be7 39.
Nd4 Ka6 40. Nxf5 Bf6 41. h4 b5 42. h5 Ka5 43. Kc2 Kb4 44. d6 cxd6 45. Nxd6 Kc5
46. Ne4+ Kd4 47. Nxf6 Ke3 48. h6 {Normal} 1-0

[Event "Rated Blitz game"]
[Site "?"]
[Date "2021.04.05"]
[Round "?"]
[White "FasterPhanter"]
[Black "blastol"]
[Result "0-1"]
[WhiteElo "2386"]
[BlackElo "2400"]
[PlyCount "46"]
[EventDate "2021.??.??"]
[EventType "blitz"]

1. e4 e5 2. Nf3 d5 3. Nc3 dxe4 4. Nxe4 f5 5. Ng3 e4 6. Ng1 Nf6 7. d3 Bc5 8. Nh3
Qe7 9. dxe4 fxe4 10. Bc4 Bxh3 11. gxh3 Nc6 12. O-O Ne5 13. Bb5+ c6 14. Be2 O-O
15. Bg5 Rad8 16. Qe1 Qe6 17. Bxf6 Rxf6 18. Nxe4 Rg6+ 19. Kh1 Qxh3 20. Ng3 Rh6
21. Bh5 Rxh5 22. Nxh5 Nf3 23. Nf6+ Kh8 {Normal} 0-1

[Event "Rated Blitz game"]
[Site "?"]
[Date "2021.04.05"]
[Round "?"]
[White "Anjalia_WGM"]
[Black "annaly1979"]
[Result "1-0"]
[WhiteElo "2533"]
[BlackElo "2411"]
[PlyCount "109"]
[EventDate "2021.??.??"]
[EventType "blitz"]

1. e4 e5 2. Nf3 d5 3. exd5 e4 4. Qe2 f5 5. d3 Nf6 6. dxe4 fxe4 7. Ng5 Be7 8.
Nxe4 Nxe4 9. Qxe4 O-O 10. Be2 Bf5 11. Qc4 Bd6 12. O-O Nd7 13. Be3 Ne5 14. Qb3
Qf6 15. c4 b6 16. Nc3 a6 17. Rad1 Qg6 18. Rd2 Bh3 19. g3 Bxf1 20. Kxf1 Nf3 21.
Bxf3 Rxf3 22. Kg2 Raf8 23. Qd1 h5 24. a3 h4 25. Ne2 Qh5 26. Nd4 h3+ 27. Kg1
Bxg3 28. Nxf3 Rxf3 29. hxg3 h2+ 30. Kh1 Qf7 31. Qe1 Rf5 32. Qe2 Qg6 33. Qd3 Qg4
34. Bf4 Rxf4 35. Kxh2 Rxc4 36. d6 cxd6 37. Qxd6 Rc5 38. Qd8+ Kh7 39. Qd3+ Kh8
40. Kg2 Rc8 41. Qd7 Qe4+ 42. f3 Qc4 43. Rd4 Qc2+ 44. Kh3 Qh7+ 45. Rh4 Qxh4+ 46.
Kxh4 Rf8 47. f4 a5 48. f5 Rf6 49. Kg5 Kh7 50. g4 b5 51. Kf4 b4 52. g5 bxa3 53.
gxf6 Kh6 54. Qxg7+ Kh5 55. Qg5# {Normal} 1-0

[Event "Rated Blitz game"]
[Site "?"]
[Date "2021.04.05"]
[Round "?"]
[White "Decpacito"]
[Black "Sinrah-Tensei"]
[Result "1-0"]
[WhiteElo "2402"]
[BlackElo "2386"]
[PlyCount "41"]
[EventDate "2021.??.??"]
[EventType "blitz"]

1. e4 e5 2. Nf3 d5 3. exd5 Bd6 4. Nc3 f5 5. d4 e4 6. Ne5 Nf6 7. Bb5+ Kf8 8. O-O
a6 9. Ba4 b5 10. Bb3 Nbd7 11. f3 Nxe5 12. dxe5 Bxe5 13. fxe4 b4 14. Ne2 Nxe4
15. Nd4 Qh4 16. Nf3 Qf6 17. Nxe5 Qxe5 18. Bf4 Qxb2 19. Bxc7 h5 20. d6 Bd7 21.
Qd5 {Normal} 1-0

[Event "Rated Blitz game"]
[Site "?"]
[Date "2021.04.05"]
[Round "?"]
[White "jsorel32"]
[Black "Lasker-on-speed"]
[Result "1/2-1/2"]
[WhiteElo "2454"]
[BlackElo "2337"]
[PlyCount "114"]
[EventDate "2021.??.??"]
[EventType "blitz"]

1. e4 e5 2. Nf3 d5 3. Nxe5 Bd6 4. d4 dxe4 5. Bc4 Bxe5 6. Qh5 Qe7 7. Qxe5 Qxe5
8. dxe5 Nc6 9. Nc3 Bf5 10. O-O Nge7 11. Re1 Nxe5 12. Bb3 O-O 13. Nxe4 N7c6 14.
Bf4 Rfe8 15. Bd5 h6 16. Nc5 Rad8 17. Bxc6 Nxc6 18. Bxc7 Rxe1+ 19. Rxe1 Rd2 20.
Nxb7 Rxc2 21. a4 Rxb2 22. Nd6 Be6 23. Ne4 Nb4 24. Bg3 Ra2 25. Nc5 Bd5 26. h4
Rc2 27. Bd6 Kh7 28. Re5 Bc6 29. Re7 Rd2 30. Bg3 Bd5 31. Rxa7 Nd3 32. Nxd3 Rxd3
33. Rd7 Be4 34. Rxd3 Bxd3 35. a5 Kg6 36. Be5 f6 37. Bd6 Kf7 38. h5 g6 39. hxg6+
Kxg6 40. g3 h5 41. f4 f5 42. Kf2 Kf7 43. Kg2 Ke6 44. Bc5 Kd5 45. Bb6 Kc6 46.
Kh3 Be2 47. Kh4 Kb5 48. Kg5 Bg4 49. Bc7 Ka6 50. Bd8 Kb7 51. Bb6 Kc6 52. Bf2 Kb5
53. Be1 Ka6 54. Bd2 Kb7 55. Be1 Ka6 56. Bd2 Kb7 57. Be1 Ka6 {Normal} 1/2-1/2

[Event "Rated Blitz game"]
[Site "?"]
[Date "2021.04.05"]
[Round "?"]
[White "Rad8tion"]
[Black "King_bg03"]
[Result "0-1"]
[WhiteElo "2428"]
[BlackElo "2483"]
[PlyCount "58"]
[EventDate "2021.??.??"]
[EventType "blitz"]

1. e4 e5 2. Nf3 d5 3. Nxe5 Bd6 4. d4 dxe4 5. Nc4 Nf6 6. Nxd6+ Qxd6 7. Be2 O-O
8. c4 Rd8 9. Be3 Nc6 10. d5 Ne5 11. h3 c6 12. Qd4 cxd5 13. c5 Qe7 14. O-O Nc6
15. Qa4 d4 16. Bg5 Qxc5 17. Bxf6 gxf6 18. Nd2 f5 19. Rac1 Qb4 20. Qxb4 Nxb4 21.
Rc7 Nd5 22. Rc4 d3 23. Bd1 e3 24. fxe3 Nxe3 25. Rc7 Nxf1 26. Kxf1 Be6 27. b3
Rac8 28. Rxb7 Rc1 29. Ke1 Bd5 {Normal} 0-1

[Event "Rated Blitz game"]
[Site "?"]
[Date "2021.04.05"]
[Round "?"]
[White "Bostinovich"]
[Black "Taabling"]
[Result "1-0"]
[WhiteElo "2355"]
[BlackElo "2409"]
[PlyCount "81"]
[EventDate "2021.??.??"]
[EventType "blitz"]

1. e4 e5 2. Nf3 d5 3. exd5 Bd6 4. d4 e4 5. Ne5 Nf6 6. c4 c5 7. dxc6 Nxc6 8.
Nxc6 bxc6 9. Be2 O-O 10. O-O Rb8 11. Nc3 h6 12. b3 Bc7 13. d5 cxd5 14. Nxd5
Nxd5 15. Qxd5 Qxd5 16. cxd5 Rd8 17. Bc4 Be5 18. Rb1 Bb7 19. Rd1 Rd7 20. Be3 a5
21. Bb6 Ra8 22. a4 f5 23. d6+ Kh8 24. Bc7 f4 25. Kf1 Rf8 26. Bb5 Rxc7 27. dxc7
Bxc7 28. Rd7 f3 29. Rxc7 fxg2+ 30. Kg1 Bd5 31. Bc4 Ba8 32. Rc1 Kh7 33. Be2 Bd5
34. Kxg2 e3+ 35. f3 h5 36. R1c5 Bxb3 37. Rxh5+ Kg6 38. Rb5 Bxa4 39. Rb6+ Kh5
40. Kg3 Be8 41. f4# {Normal} 1-0

[Event "Rated Blitz tournament urUbhFmQ"]
[Site "?"]
[Date "2021.04.05"]
[Round "?"]
[White "Oleg_Tykhonov"]
[Black "Schachelite"]
[Result "0-1"]
[WhiteElo "2221"]
[BlackElo "2405"]
[PlyCount "20"]
[EventDate "2021.??.??"]
[EventType "blitz"]

1. e4 e5 2. Nf3 d5 3. Nxe5 Bd6 4. d4 dxe4 5. Bc4 Bxe5 6. dxe5 Qxd1+ 7. Kxd1 Nc6
8. Bd5 Bg4+ 9. Ke1 O-O-O 10. Bxe4 Rd1# {Normal} 0-1

[Event "Rated Blitz game"]
[Site "?"]
[Date "2021.04.05"]
[Round "?"]
[White "damoma"]
[Black "melanger"]
[Result "0-1"]
[WhiteElo "2413"]
[BlackElo "2340"]
[PlyCount "94"]
[EventDate "2021.??.??"]
[EventType "blitz"]

1. e4 e5 2. Nf3 d5 3. exd5 e4 4. Qe2 Nf6 5. Nc3 Be7 6. Nxe4 O-O 7. d3 Re8 8.
Qd1 Qxd5 9. Nxf6+ Bxf6+ 10. Be2 c5 11. O-O Nc6 12. Bf4 b6 13. c3 Bb7 14. Re1 g5
15. Bg3 g4 16. Nd2 Nd4 17. Bf1 Rxe1 18. Qxg4+ Bg7 19. Rxe1 Ne6 20. Ne4 Qxa2 21.
Be5 Bxe4 22. Rxe4 Qxb2 23. Qg3 f5 24. Bxg7 Nxg7 25. Re7 Qxc3 26. Qc7 Qf6 27. g3
Re8 28. Rd7 Re1 29. Kg2 Qe5 30. Qxa7 h5 31. Qxb6 h4 32. gxh4 f4 33. Qd8+ Kh7
34. d4 f3+ 35. Kxf3 Qe4+ 36. Kg3 Rxf1 37. Rxg7+ Kxg7 38. Qg5+ Qg6 39. dxc5 Rg1+
40. Kf4 Rxg5 41. hxg5 Qc6 42. h4 Qc7+ 43. Kg4 Qxc5 44. f4 Qg1+ 45. Kf5 Qb1+ 46.
Kg4 Qd1+ 47. Kf5 Qh5 {Normal} 0-1

[Event "Rated Blitz game"]
[Site "?"]
[Date "2021.04.05"]
[Round "?"]
[White "Antrazit"]
[Black "SerialDrinker"]
[Result "1-0"]
[WhiteElo "2430"]
[BlackElo "2246"]
[PlyCount "65"]
[EventDate "2021.??.??"]
[EventType "blitz"]

1. e4 e5 2. Nf3 d5 3. Nxe5 Bd6 4. d4 dxe4 5. Nc4 Be7 6. Ne3 f5 7. Bc4 Nf6 8.
Bb3 f4 9. Nf1 Bd6 10. c4 Bg4 11. Qd2 e3 12. fxe3 Ne4 13. Qc2 Qh4+ 14. g3 Nxg3
15. hxg3 Qxh1 16. exf4 Bb4+ 17. Nc3 Nc6 18. Qd3 O-O-O 19. Be3 Rhe8 20. d5 Ne7
21. Kd2 Qg2+ 22. Kc1 Bxc3 23. bxc3 Be2 24. Qd4 Qxf1+ 25. Kb2 Qg2 26. Qxa7 Bxc4+
27. Ka3 Bxd5 28. Rd1 Nc6 29. Qa8+ Nb8 30. Ba7 Kd7 31. Bxd5 Qe2 32. Bf3+ Qxd1
33. Bxd1 {Time forfeit} 1-0

[Event "Rated Blitz tournament k4DjNvCd"]
[Site "?"]
[Date "2021.04.05"]
[Round "?"]
[White "gmadham"]
[Black "Melitopol_Chery"]
[Result "1-0"]
[WhiteElo "2563"]
[BlackElo "2364"]
[PlyCount "107"]
[EventDate "2021.??.??"]
[EventType "blitz"]

1. e4 e5 2. Nf3 d5 3. exd5 e4 4. Qe2 Nf6 5. Nc3 Be7 6. Nxe4 O-O 7. Nxf6+ Bxf6
8. Qd1 Qxd5 9. Be2 Re8 10. O-O Nc6 11. c3 Bg4 12. d4 Ne7 13. Nd2 Bf5 14. Bf3
Qb5 15. Ne4 Bh4 16. a4 Qc6 17. Ng3 Qg6 18. Nxf5 Nxf5 19. Bxb7 Rab8 20. Bf3 c5
21. dxc5 Be7 22. Be4 Bxc5 23. Qc2 Rxe4 24. Qxe4 Bb6 25. Bf4 Rc8 26. Rad1 h5 27.
Rd5 Nh4 28. Qxg6 Nxg6 29. Be3 h4 30. Bxb6 axb6 31. Rb5 Rc6 32. Rd1 Nf4 33. g3
Ne6 34. f4 Nc5 35. a5 bxa5 36. Rxa5 Ne4 37. Rd3 hxg3 38. hxg3 Nf6 39. b4 Rc8
40. b5 Ne4 41. b6 Rc6 42. Rb5 Nxc3 43. Rxc3 Rxc3 44. b7 Rc1+ 45. Kf2 Rc2+ 46.
Ke3 Kh7 47. b8=Q Rc3+ 48. Kd4 Rxg3 49. Rh5+ Kg6 50. Rg5+ Rxg5 51. fxg5 Kxg5 52.
Qg3+ Kf6 53. Ke4 g6 54. Qe5# {Normal} 1-0

[Event "Rated Blitz game"]
[Site "?"]
[Date "2021.04.05"]
[Round "?"]
[White "HustlinHarper"]
[Black "kingph31"]
[Result "0-1"]
[WhiteElo "2406"]
[BlackElo "2261"]
[PlyCount "32"]
[EventDate "2021.??.??"]
[EventType "blitz"]

1. e4 e5 2. Nf3 d5 3. d4 dxe4 4. Nxe5 Nf6 5. Bc4 Be6 6. Bxe6 fxe6 7. O-O Bd6 8.
Qe2 O-O 9. f3 exf3 10. Rxf3 c6 11. Bg5 Nbd7 12. Nc4 Bxh2+ 13. Kxh2 Ng4+ 14. Kg1
Qxg5 15. Qxe6+ Kh8 16. Rg3 Qc1+ {Normal} 0-1

[Event "Rated Blitz game"]
[Site "?"]
[Date "2021.04.05"]
[Round "?"]
[White "riserman"]
[Black "Schachelite"]
[Result "0-1"]
[WhiteElo "2434"]
[BlackElo "2440"]
[PlyCount "50"]
[EventDate "2021.??.??"]
[EventType "blitz"]

1. e4 e5 2. Nf3 d5 3. exd5 e4 4. Qe2 Nf6 5. Nc3 Be7 6. Nxe4 O-O 7. d3 Re8 8. c4
c6 9. dxc6 Nxc6 10. Bd2 Bg4 11. h3 Nd4 12. Qd1 Nxe4 13. dxe4 Nxf3+ 14. gxf3 Be6
15. Bc3 Qc7 16. Qb3 Rac8 17. Rd1 b6 18. Be2 Bc5 19. h4 h5 20. Rg1 g6 21. Kf1
Qh2 22. Rg3 Qh1+ 23. Rg1 Bh3+ 24. Ke1 Qxg1+ 25. Kd2 Qxf2 {Normal} 0-1

[Event "Rated Blitz game"]
[Site "?"]
[Date "2021.04.05"]
[Round "?"]
[White "Antrazit"]
[Black "SerialDrinker"]
[Result "1-0"]
[WhiteElo "2424"]
[BlackElo "2252"]
[PlyCount "79"]
[EventDate "2021.??.??"]
[EventType "blitz"]

1. e4 e5 2. Nf3 d5 3. Nxe5 Bd6 4. d4 dxe4 5. Nc4 Be7 6. Be2 Be6 7. Ne3 f5 8. d5
Bd7 9. c4 Nf6 10. Nc3 O-O 11. g3 Kh8 12. Nc2 c6 13. d6 Ng4 14. dxe7 Qxe7 15. h3
Ne5 16. Bf4 Na6 17. Bxe5 Qxe5 18. Qd4 Qe7 19. O-O-O Be6 20. Qd6 Qf6 21. Ne3
Rfd8 22. Qa3 f4 23. Ng4 Qf5 24. gxf4 Qxf4+ 25. Kb1 Bf5 26. Ne3 Bg6 27. Qe7 Re8
28. Qxb7 Nc5 29. Qxc6 Nd3 30. Bxd3 exd3 31. Rd2 Rac8 32. Qg2 Rb8 33. Rhd1 Rb4
34. Ned5 Qxc4 35. Nxb4 Qxb4 36. Qc6 Rb8 37. Ka1 a5 38. h4 h6 39. Qxg6 a4 40.
Rg1 {Normal} 1-0

[Event "Rated Blitz game"]
[Site "?"]
[Date "2021.04.05"]
[Round "?"]
[White "rita2021"]
[Black "DarthZannah"]
[Result "0-1"]
[WhiteElo "2351"]
[BlackElo "2458"]
[PlyCount "118"]
[EventDate "2021.??.??"]
[EventType "blitz"]

1. e4 e5 2. Nf3 d5 3. exd5 e4 4. Qe2 Nf6 5. d3 Qxd5 6. Nbd2 e3 7. Qxe3+ Be6 8.
d4 Be7 9. Bc4 Qf5 10. Bxe6 fxe6 11. O-O Nc6 12. Re1 Nb4 13. Qxe6 Qxe6 14. Rxe6
Nxc2 15. Rb1 Nb4 16. a3 Nbd5 17. Nc4 O-O-O 18. Bg5 h6 19. Bh4 Rhe8 20. Rbe1 Kd7
21. h3 Nf4 22. R6e3 N6d5 23. Bxe7 Nxe3 24. Bxd8 Nxc4 25. Rxe8 Kxe8 26. Bxc7 Nd5
27. Be5 Kf7 28. b3 Nxa3 29. Nd2 b5 30. f3 a5 31. Kf2 Nc2 32. Ke2 a4 33. Kd3
Ne1+ 34. Ke2 Nxg2 35. bxa4 bxa4 36. Nc4 Ngf4+ 37. Kd2 Nxh3 38. Kc2 Ng5 39. f4
Nh3 40. Nb2 a3 41. Nc4 a2 42. Kb2 Nhxf4 43. Kxa2 h5 44. Kb3 h4 45. Ne3 Nxe3 46.
Bxf4 Nd5 47. Be5 g5 48. Kc4 Ke6 49. Kd3 Kf5 50. Ke2 Ke4 51. Kf2 g4 52. Kg2 Ne3+
53. Kf2 Nf5 54. Bf6 g3+ 55. Kg2 Kf4 56. Be5+ Kg4 57. d5 Ne3+ 58. Kg1 Nxd5 59.
Bd4 Kf3 {Normal} 0-1

[Event "Rated Blitz game"]
[Site "?"]
[Date "2021.04.05"]
[Round "?"]
[White "tacticalC"]
[Black "Erow"]
[Result "0-1"]
[WhiteElo "2631"]
[BlackElo "2697"]
[PlyCount "40"]
[EventDate "2021.??.??"]
[EventType "blitz"]

1. e4 e5 2. Nf3 d5 3. exd5 e4 4. Qe2 Nf6 5. Nc3 Be7 6. Nxe4 O-O 7. d3 Nxd5 8.
Be3 Re8 9. O-O-O f5 10. Ned2 Bf6 11. g3 Nc6 12. Nb3 Ncb4 13. a3 Na2+ 14. Kb1
Nac3+ 15. bxc3 Nxc3+ 16. Kc1 Nxe2+ 17. Bxe2 Qe7 18. d4 Qxa3+ 19. Kd2 Qb4+ 20.
Kc1 Be6 {Normal} 0-1

[Event "Rated Rapid game"]
[Site "?"]
[Date "2021.04.05"]
[Round "?"]
[White "speedrunner06"]
[Black "todosarrugan"]
[Result "1-0"]
[WhiteElo "2475"]
[BlackElo "2385"]
[PlyCount "67"]
[EventDate "2021.??.??"]
[EventType "rapid"]

1. e4 e5 2. Nf3 d5 3. exd5 e4 4. Qe2 Nf6 5. Nc3 Be7 6. Nxe4 O-O 7. Nxf6+ Bxf6
8. d4 Qxd5 9. Qc4 Qe4+ 10. Be3 Nc6 11. Bd3 Qg4 12. Rg1 Rd8 13. O-O-O Be6 14. d5
Qxc4 15. Bxc4 Na5 16. dxe6 Nxc4 17. exf7+ Kxf7 18. Bd4 c5 19. Bxf6 Kxf6 20. b3
Na3 21. Kb2 Nb5 22. a4 Nd4 23. Nxd4 cxd4 24. Rd3 Rd5 25. Rgd1 Rad8 26. b4 g5
27. Kb3 h5 28. c3 Rf5 29. f3 g4 30. fxg4 hxg4 31. Rxd4 Rxd4 32. Rxd4 Kg5 33. h3
g3 34. Rg4+ {Normal} 1-0

[Event "Rated Blitz game"]
[Site "?"]
[Date "2021.04.05"]
[Round "?"]
[White "Zutano"]
[Black "Lasker-on-speed"]
[Result "1-0"]
[WhiteElo "2479"]
[BlackElo "2336"]
[PlyCount "55"]
[EventDate "2021.??.??"]
[EventType "blitz"]

1. e4 e5 2. Nf3 d5 3. exd5 Bd6 4. Nc3 Nf6 5. d4 e4 6. Ne5 O-O 7. Be2 Nbd7 8.
Bf4 Re8 9. Nxd7 Bxf4 10. Nxf6+ Qxf6 11. O-O e3 12. fxe3 Bxe3+ 13. Kh1 Qxd4 14.
Bd3 Bd7 15. Bxh7+ Kxh7 16. Qh5+ Bh6 17. Rxf7 Bg4 18. Qh4 Re5 19. Rd1 Rae8 20.
h3 Qxd1+ 21. Nxd1 Bxd1 22. c4 Re1+ 23. Kh2 R1e4 24. Qg3 Rxc4 25. Qd3+ Rce4 26.
Qxd1 Bf4+ 27. Rxf4 Rxf4 28. Qh5+ {Normal} 1-0

[Event "Rated Blitz game"]
[Site "?"]
[Date "2021.04.05"]
[Round "?"]
[White "LZ97"]
[Black "melanger"]
[Result "0-1"]
[WhiteElo "2492"]
[BlackElo "2332"]
[PlyCount "112"]
[EventDate "2021.??.??"]
[EventType "blitz"]

1. e4 e5 2. Nf3 d5 3. exd5 e4 4. Nd4 Qxd5 5. Nb3 Nf6 6. Nc3 Qf5 7. d3 Bb4 8.
Bd2 O-O 9. dxe4 Nxe4 10. Nxe4 Qxe4+ 11. Qe2 Bxd2+ 12. Kxd2 Rd8+ 13. Kc1 Qg6 14.
a3 Nc6 15. Kb1 Bf5 16. f3 a5 17. g4 Be6 18. Nc5 Nd4 19. Qd3 Nxf3 20. Qxf3 Bd5
21. Qf5 Bxh1 22. Qxg6 Rd1+ 23. Ka2 Rxa1+ 24. Kxa1 hxg6 25. Bc4 Rd8 26. Nd3 Rd4
27. Ne5 Bd5 28. Bd3 Be6 29. c3 Rf4 30. b4 axb4 31. axb4 Bxg4 32. Bc4 Be6 33.
Bxe6 fxe6 34. Nxg6 Rf1+ 35. Kb2 Rf2+ 36. Kb3 Rxh2 37. Nf4 Rh6 38. c4 g5 39. Nd3
g4 40. Kc3 g3 41. Nf4 Rf6 42. Nh5 Rf3+ 43. Kd2 g2 44. Ke2 g1=Q 45. Kxf3 Qd1+
46. Kf4 Qxh5 47. Ke4 Qf5+ 48. Kd4 Kf7 49. Kc3 Kf6 50. b5 Qc5 51. Kb3 Ke5 52.
Kc3 Ke4 53. Kb3 Kd3 54. Kb2 Qb4+ 55. Kc1 Qa3+ 56. Kb1 Kc3 {Normal} 0-1